000 00840nam a2200229 a 4500
001 54037
003 BD-RjUL
005 20211209080050.0
008 161031s1979 bg ||||| |||| 00| 0 ben d
020 _c: IRs.12.00
035 _a(BD-RjUL)54159
040 _aBD-RjUL
_bben
_cBD-RjUL
_dBD-RjUL
041 _aben
082 _223
_a891.4409
_bDUK 1979
100 _aদত্ত, ভবতোষ
_9161343
245 1 0 _aকীর্তির্যস্য /
_cভবতোষ দত্ত
260 _aকলিকাতা :
_bঅনিমা প্রকাশনী,
_c১৯৭৯.
300 _avi, ১৭৪ পৃ. ;
_c২৩ সেমি.
650 _aবাংলা সাহিত্য
_vইতিহাস ও সমালোচনা
_9117445
650 _aBengali literature
_vHistory and Criticism
_9161344
942 _2ddc
_cBK
999 _c54037
_d54037